00343pab a2200133 454500008004000000100002000040245006000060260000900120300001200129362001200141650002200153650001400175773002000189180718b2005 xxu||||| |||| 00| 0 eng d aKanwal, Gurmeet aThe threat of biological terrorism and India's response c2005 ap.1-14. aApr-Jun aTerrorism - India aTerrorism aIndia Quarterly